| 000 | 00577nam a2200181 a 4500 | ||
|---|---|---|---|
| 005 | 20240919064739.0 | ||
| 008 | 010723s1990 r 000 0 eng d | ||
| 020 | _a1559380594 | ||
| 035 | _aUPN01000109956 | ||
| 049 | _aCG | ||
| 050 | 4 |
_aLC191 _bR4.7 |
|
| 245 | 0 | 0 |
_aResearch in sociology of education and socialization : _ba research annual: historical approaches / _ced. Ronald G. Corwin. |
| 260 |
_aGreenwich, EUA : _bJAI, _c1990. |
||
| 300 |
_axv, 294 p. : _btablas |
||
| 650 | 4 |
_aEducación _xAspectos sociales _95311 |
|
| 700 | 1 |
_aCorwin, Ronald G., _eed. |
|
| 905 | _aLibro | ||
| 999 |
_c83865 _d83865 |
||